| 000 | 00000nam##2200000za#4500 |
| 001 | 9.580391 |
| 003 | CaOODSP |
| 005 | 20210624191021 |
| 007 | cr ||||||||||| |
| 008 | 150406|1981||||xxc|||||o f|0| 0 eng|d |
| 040 | |aCaOODSP|beng |
| 043 | |an-cn--- |
| 086 | 1 |aFs97-13/252E-PDF |
| 110 | 1 |aCanada. |bDepartment of Fisheries and Oceans. |
| 245 | 10|aTime and size at release experiment - Four releases of three size categories of juvenile coho salmon from the Quinsam Hatchery in the Spring of 1980 / |h[electronic resource]|cby H.T. Bilton and A.S. Coburn. |
| 260 | |aNanaimo - British Columbia : |bFisheries and Oceans Canada |c1981. |
| 300 | |a30p.|btables |
| 490 | 1 |aCanadian data report of fisheries and aquatic sciences|vNo. 252 |
| 500 | |aFile reproduced from original print. On t. p.: Pacific Biological Station, Nanaimo, British Columbia. The catalogue number and ISSN for the print edition appear in the PDF version. |
| 546 | |a(Résumé en français) |
| 590 | |a14-15-Supp|b2014-09-04 |
| 720 | 1 |aBilton, H. T. |
| 720 | 1 |aCoburn, A. S. |
| 830 | #0|aCanadian data report of fisheries and aquatic sciences ;|vNo. 252|w(CaOODSP)9.505124 |
| 856 | 40|ahttp://publications.gc.ca|qPDF|s468 KB|uhttps://publications.gc.ca/collections/collection_2014/mpo-dfo/Fs97-13-252-eng.pdf|yNo. 252 |